000 01391cam a2200181 4500500
005 20260405003138.0
041 _afre
042 _adc
100 1 0 _aAuthier, Jean-Yves
_eauthor
700 1 0 _aBidou, Catherine
_eauthor
245 0 0 _aÉditorial
260 _c2005.
500 _a43
520 _aUne grossesse sur cinq se termine par un décès périnatal. Une étude qualitative auprès de 15 animatrices de groupe de deuil périnatal a permis d’identifier leurs perceptions concernant le deuil des hommes, leurs motivations à participer à des groupes de soutien et les spécificités associées à l’intervention auprès de ceux-ci. Des recommandations pour des pratiques inclusives des pères endeuillés, la formation et le mentorat sont proposées.
520 _aOne in five pregnancies ends in perinatal death. A qualitative study of fifteen bereavement group facilitators reaching parents after a perinatal death identified their perceptions of men’s bereavement, of their motivations to engage in perinatal bereavement groups, and the specifics of intervening with them. Recommendations for practices inclusive of bereaved fathers, training, and mentoring are proposed.
786 0 _nEspaces et sociétés | 120-121 | 1 | 2005-06-01 | p. 7-14 | 0014-0481
856 4 1 _uhttps://shs.cairn.info/revue-espaces-et-societes-2005-1-page-7?lang=fr&redirect-ssocas=7080
999 _c2064789
_d2064789